000 01122cam a22003854a 4500
001 6231
003 FISKH
005 20250403101954.0
008 990804s2000 nyu b 001 0 eng
010 _a 99044161
020 _a0789454149 (hc)
020 _a0789454130 (pb)
020 _a9780789454133
040 _aDLC
_cDLC
_dDLC
_beng
050 _aQL949 .S57
082 _a573.88
100 1 _aMoses, Brian,
_d1950-
245 1 0 _aWinking, blinking, wiggling, and waggling /
_cwritten by Brian Moses.
260 _aNew York :
_bDK Publishing,
_c2000.
300 _a32 pages :
_bcolor illustrations ;
_c23 cm
490 _3DK Readers
_aBeginning 2
500 _aIncludes index.
505 _aN
520 _aDescribes different eyes and ears in the animal kingdom and how they are used.
521 _a580
_bLexile
521 _aN
_bRaz-Plus
650 0 _aEye
_vJuvenile literature.
650 0 _aEar
_vJuvenile literature.
650 1 _aEye.
650 1 _aEar.
650 1 _aAnimals.
906 _a7
_bcbc
_corignew
_d1
_eocip
_f19
_gy-gencatlg
942 _2ddc
_cBK
_n0
999 _c6231
_d6231